LEADER 02077nam 2200493z- 450 001 9910557223403321 005 20211118 035 $a(CKB)5400000000041710 035 $a(oapen)https://directory.doabooks.org/handle/20.500.12854/73671 035 $a(oapen)doab73671 035 $a(EXLCZ)995400000000041710 100 $a20202111d2020 |y 0 101 0 $aeng 135 $aurmn|---annan 181 $ctxt$2rdacontent 182 $cc$2rdamedia 183 $acr$2rdacarrier 200 00$aCytokine-mediated Organ Dysfunction and Tissue Damage Induced by Viruses 210 $cFrontiers Media SA$d2020 215 $a1 online resource (170 p.) 311 08$a2-88963-519-8 330 $aThis eBook is a collection of articles from a Frontiers Research Topic. Frontiers Research Topics are very popular trademarks of the Frontiers Journals Series: they are collections of at least ten articles, all centered on a particular subject. With their unique mix of varied contributions from Original Research to Review Articles, Frontiers Research Topics unify the most influential researchers, the latest key findings and historical advances in a hot research area! Find out more on how to host your own Frontiers Research Topic or contribute to one as an author by contacting the Frontiers Editorial Office: frontiersin.org/about/contact 606 $aImmunology$2bicssc 606 $aMedicine and Nursing$2bicssc 610 $achemokine 610 $aCVB3 610 $aHantavirus 610 $ahcmv 610 $aHIV 610 $aInflammation 610 $ainfluenza 610 $ainterferon 615 7$aImmunology 615 7$aMedicine and Nursing 700 $aLehmann$b Michael H$4edt$01302139 702 $aReliga$b Piotr$4edt 702 $aSpencer$b Juliet$4edt 702 $aLehmann$b Michael H$4oth 702 $aReliga$b Piotr$4oth 702 $aSpencer$b Juliet$4oth 906 $aBOOK 912 $a9910557223403321 996 $aCytokine-mediated Organ Dysfunction and Tissue Damage Induced by Viruses$93026159 997 $aUNINA LEADER 01080nam0 22002651i 450 001 UON00209392 005 20231205103328.410 010 $a88-85669-58-1 100 $a20030730d1997 |0itac50 ba 101 $aita 102 $aIT 105 $a|||| ||||| 200 1 $a Sviluppo economico e società preindustriali$ecicli, strutture e congiunture in Europa dal medioevo alla prima età moderna$fLuciano Palermo 210 $aRoma$cViella$d1997. 461 p. ; 23 cm. 410 1$1001UON00087900$12001 $aˆI ‰Libri di Viella$v12 606 $aEuropa$xSviluppo economico$3UONC035385$2FI 620 $aIT$dRoma$3UONL000004 700 1$aPalermo$bLuciano$3UONV125961$0139809 712 $aViella$3UONV260171$4650 801 $aIT$bSOL$c20250829$gRICA 899 $aSIBA - SISTEMA BIBLIOTECARIO DI ATENEO$2UONSI 912 $aUON00209392 950 $aSIBA - SISTEMA BIBLIOTECARIO DI ATENEO$dSI EUR B 1075 $eSI SC 32483 5 1075 996 $aSviluppo economico e società preindustriali$9625022 997 $aUNIOR